<The> Economics of irrigation

Saved in:
Bibliographic Details
Main Author: Carruthers, Ian
Other Authors: Clark, Colin
Format: Book
Language:English
Published: Liverpool University Press 1981
Tags: Add Tag
No Tags, Be the first to tag this record!

MARC

LEADER 00000nam a2200000 4500
001 c132683
005 20041019155255.9
041 0 |a eng 
044 |a GB 
245 1 0 |a <The> Economics of irrigation  |c Ian Carruthers, Colin Clark 
264 1 |a Liverpool  |b University Press  |c 1981 
300 |a 300 s. 
100 1 |a Carruthers, Ian 
700 1 |a Clark, Colin